000 00552nam a2200193 a 4500
001 64352
003 BD-RjUL
005 20211209081309.0
008 170214s1969 ru ||||| |||| 00| 0 eng d
035 _a(BD-RjUL)64482
040 _aBD-RjUL
_beng
_cBD-RjUL
041 _aeng
082 _223
_a940.5314
_bTEH 1969
245 0 0 _aThe Tehran, Yalta & Potsdam conference :
_bdocuments /
260 _aMoscow :
_bProgress publishers,
_c1969.
300 _a340 p. ;
_c22 cm.
650 _aWorld War (1939-1945)
_vDiplomatic history
_9191020
942 _2ddc
_cBK
999 _c64352
_d64352